| 000 | 00617nam a2200217Ia 4500 | ||
|---|---|---|---|
| 008 | 160303s9999 xx 000 0 und d | ||
| 020 | _a0-7216-0265-7 | ||
| 050 | _aREF RB 111 | ||
| 050 | _b.P63 2006 | ||
| 245 | _aPocket companion to Robbins and Cotran pathologic basis of disease / | ||
| 245 | _cRichard N. Mitchell… [et al] | ||
| 260 | _aPhiladephia, Pennsylvania : | ||
| 260 | _bSaunders Elsevier. | ||
| 260 | _c2006 | ||
| 300 | _a799 pages : | ||
| 300 | _bcolor illustrations ; | ||
| 300 | _c21 cm. | ||
| 500 | _aIncludes index. | ||
| 650 | _aPathology -- | ||
| 650 | _xHandbooks, manuals, etc. | ||
| 999 |
_c291111 _d291111 |
||